| 000 | 00688nam a2200229 a 4500 | ||
|---|---|---|---|
| 001 | BRCA_5696 | ||
| 005 | 20190320205202.0 | ||
| 008 | 020311s1909----mx-######l---o000-0#spa-# | ||
| 041 | _aspa | ||
| 044 | _amx | ||
| 050 | 4 |
_aKGF3924.519 _b.R44 1909 |
|
| 245 | 1 | 0 | _aReglamento de la Ley Minera de los Estados Unidos Mexicanos. |
| 260 |
_aMéxico _bImprenta y Fototipia de la Secretaría de Fomento _c1909 |
||
| 300 |
_a27 p. _c23 cm. |
||
| 500 | _aEn un cuadernillo | ||
| 500 | _aH19 | ||
| 610 | 2 | 4 |
_aLey Minera de los Estados Unidos Mexicanos _vReglamentos _914470 |
| 650 | 1 | 4 |
_aLey Minera _zMéxico _914471 |
| 710 | 2 |
_aSecretaría de Fomento _914472 |
|
| 902 | _aGFM | ||
| 942 |
_2lcc _cB |
||
| 999 |
_c5389 _d5389 |
||